00401nam a2200121Ia 4500008004100000245008600041260004500127260000900172300000900181500001300190650001300203856006300216170516s9999 xx 000 0 und d aPharmaceutical interfaces: Drug development, performance, regulation and e-health bAsian Journal of Pharmaceutical Sciences c2016 a11:1 aFebruary xPharmacy uhttp://www.sciencedirect.com/science/journal/18180876/11/1